000 00662nam a2200193Ia 4500
003 GCL
008 140319s9999 xx 000 0 ara d
040 _aGCL /
_cGCL
082 0 4 _aق
_b962.065
_bم ب
100 1 _aمحمد محمود اليمانى
245 1 0 _aبطولات على رمال سيناء /
_cمحمد محمود اليمانى
300 _a147 ص
490 _aالهيئة العامة للاستعلامات
_v0
650 0 4 _aحرب يونيو 1967 - مصر
650 0 4 _aسيناء -التاريخ
650 0 4 _aمصر - تاريخ - العصر الحديث (1805 - 1956 )
650 0 4 _aسيناء - الاحتلال
942 _2ddc
_cBK
999 _c50075
_d50075